000 00627nam a2200229Ia 4500
003 OSt
005 20220928105412.0
006 a|||||r|||| 00| 0
007 ta
008 220927b |||||||| |||| 00| 0 eng d
024 _a27960
037 _cTextual
040 _aSDCL
_cSDCL
_beng
041 _2eng
_aeng
082 _aV2y7M76, M3
100 _aSaiyaid M H
_9415072
245 0 _aSound of fury
_b A Political study of Mohammad Ali Jinnah.
260 _aNew Delhi
_bAkbar Publishing
_c1983
300 _a352p
_ccm.
942 _hV2y7M76, M3
_cTEXL
_2CC
999 _c730906
_d730906